Najlepsi strzelcy reprezentacji! - Statystyki

Ogólne statystyki
  • Ten quiz został rozwiązany 659 razy
  • Średni wynik to 22 z 63
Statystyki odpowiedzi
Kraj Ilość goli Piłkarz % Poprawnych
Argentyna 71 Messi
99%
Brazylia 58 Ronaldo
89%
Portugalia 103 Ronaldo
89%
Polska 66 Lewandowski
84%
Brazylia 64 Neymar
78%
Brazylia 74 Pele
78%
Urugwaj 62 Suarez
71%
Walia 33 Bale
69%
Niemcy 68 Muller
69%
Szwecja 62 Ibrahimovic
63%
WKS 60 Drogba
58%
Urugwaj 49 Cavani
56%
Polska 25 Lato
56%
Francja 51 Henry
55%
Niemcy 71 Klose
54%
Chile 43 Sanchez
52%
Argentyna 41 Aguero
49%
Hiszpania 39 Torres
48%
Portugalia 38 Eusebio
47%
Kamerun 49 Eto'o
46%
Anglia 53 Rooney
44%
Hiszpania 63 Villa
44%
Francja 44 Giroud
40%
Hiszpania 44 Raul
39%
Kolumbia 23 Rodriguez
38%
Urugwaj 33 Forlan
37%
Polska 21 Blaszczykowski
36%
Szwecja 37 Larsson
36%
Ukraina 48 Shevchenko
36%
Chile 32 Vidal
36%
Chorwacja 39 Suker
35%
Chorwacja 33 Mandzukic
34%
Kolumbia 32 Falcao
33%
Niemcy 49 Podolski
32%
Walia 28 Rush
31%
Bułgaria 29 Stoichkov
31%
Anglia 46 Lineker
24%
Argentyna 44 Batistuta
23%
Bułgaria 38 Berbatov
22%
Francja 41 Platini
22%
Portugalia 47 Pauleta
19%
Włochy 35 Riva
19%
Czechy 23 Smicer/Rosicky
17%
Anglia 49 Charlton
15%
Czechy 53 Koller
15%
Czechy 41 Baros
14%
Rosja 29 Dzyuba
14%
Ukraina 38 Yarmolenko
14%
WKS 23 Gervinho
10%
Włochy 33 Meazza
10%
Chile 38 Vargas
10%
WKS 22 Kalou
8%
Ukraina 21 Konoplyanka
8%
Kamerun 23 Aboubakar
7%
Kolumbia 15 Bacca/Gutierrez
6%
Rosja 30 Kerzhakov
2%
Szwecja 29 Allback
1%
Chorwacja 28 Eduardo
1%
Walia 22 Ford/Saunders
1%
Bułgaria 23 Kostadinov
1%
Kamerun 19 M'Boma
1%
Włochy 31 Baloncieri
0%
Rosja 26 Beschastnykh
0%
Nie znaleziono quizów pasujących do podanych kryteriów
Rozkład punktacji
Procent ludzi z każdym wynikiem
Percentyl według liczby udzielonych odpowiedzi
Twoja historia wyników
Nie rozwiązałeś tego quizu